000
00213 a2200097 4500
001
25963
100
_a
Bartee J C
245
_a
Digital computer fundamentals
260
_a
_b
McGraw-Hill
_c
090
_c
17566
_d
17566
942
_a
NUST-CAE
_c
M
_c
8409
999
_c
261036
_d
261036